1429 1005 1319 1471 1360 1957 1357 1107 1929 1706 1313 1449 1469 1155 1151 1509 1705 1849 1828 1102 1259 1638 1716 1087 1362 1640 1720 1561 1869 1473 1913 1599 1497 1641 1768 1512 1803 1644 1894 1162 1523 1932 1891 1431 1209 1779 1887 1739 1827 1709 1122 1621 1369 1444 1996 1520 1408 1762 1945 1058 1097 1274 1216 1368 1392 1637 1297 1440 1523 1930 1490 1037 1902 1197 1991 2000 1093 1072 1286 1352 1517 1193 1246 1480 1517 1288 1861 1905 1123 1608 1358 1202 1881 1761 1716 1846 1101 1046 1672 BCNSPRNW ULIB Ver.6.0+V

เปลี่ยนเป็นภาษาไทย

Change to English
 แสดงรายละเอียดบรรณานุกรม
  กลับหน้าหลัก

Brief Record : Get Marc (ISO 2709) : E-mail record : QR code < ปิดหน้าต่าง
LEADER : 00000nam 2200000uu 4500
001    13399112206
003     ULIB
008    110801s2554||||th 000 0 tha d
020    9786160603510
090    นว.^bอ525ป 2554
100 0  อัญชรีย์
245 00 ปรายใจ/^cอัญชรีย์
250    พิมพ์ครั้งที่ 4
260    กรุงเทพฯ:^bแจ่มใส, 2554
300    416 หน้า
945    ^p249^l0^i18461
995    เกษร
999 ^a ใช้งานได้ทุกระบบ
รายการนี้ยังไม่มีแท็ก
คุณยังไม่ได้ล็อกอิน คุณสามารถมีกิจกรรมร่วมกับเว็บไซต์ได้ แต่ต้องล็อกอินก่อน ::
  ล็อกอิน

รายการสื่อสารสนเทศ

ลำดับที่ ประเภท เลขเรียก/บาร์โค้ด สถานที่ สถานะ
1. วิทยาศาสตร์การแพทย์ และสุขภาพ
วิทยาศาสตร์การแพทย์ และสุขภาพ
นว. อ525ป 2554  
  Barcode: 18461
ห้องสมุดวิทยาเขตสวรรค์ประชารักษ์
►นวนิยาย
บนชั้น
  ขอยืม

รายการใกล้เคียง
    ผู้แต่ง [อัญชรีย์]

BibComment


ยังไม่เคยถูกคอมเมนท์

คอมเมนท์ทรัพยากรรายการนี้
  คอมเมนท์: ปรายใจ อัญชรีย์


 Copyright 2026. Bcnsprnw @Library